000 00555nam a2200133 a 4500
008 100428s1996 ||||||||||||||||| || u
050 _aPAPERS/STAFF
100 _aMumba, K
245 1 0 _aReport on the 2nd international management conference in Harare: the strategic leader:initiating strategies for change
260 _aKitwe
_bSchool of Business
_c1996
300 _a12p.
350 _a0.00
995 _D0.00
_FCBU-MAIN LIBRARY (Kitwe)
_H1
_I0.00
_M1
_UAVAILABLE
_WApr 28, 2010
_ZUniversity Collection
999 _c56199
_d56199